000 01205nam a2200277 a 4500
001 000013673
003 DO-SdBNP
005 20251121124334.0
008 091127s1999 dr a r 000 0 spa d
040 _aDO-SdBNP
_bspa
_cBNPHU
082 4 _a348.7293
_bH117u
_222
245 _aHacia un nuevo proceso penal /
_ccomisión de revisión y actualización del código de procedimiento criminal César Pina Toribio, Miriam Germán, Juan Manuel Pellerano, Guillerno Moreno ; prólogo Aura Celeste Fernández R.
260 _aSanto Domingo :
_bBúho,
_c1999.
300 _a170 p. :
_bil. ;
_c21 cm.
490 0 _aCuadernos de las comisiones de revisión y actualización de los códigos.
_v1
590 _aInventariado, 2018/ BT
650 4 _aDerecho penal
_xLegislación
_917405
650 4 _aDerecho penal
_zRepública Dominicana
_917405
700 1 _aGermán, Miriam
_931107
700 1 _aPellerano, Juan Manuel
_98317
700 1 _aMoreno, Guillermo
_931108
700 1 _aFernández Rodríguez, Aura Celeste,
_d1959-
_epról.
_976547
830 _aCuadernos de las comisiones de revisión y actualización de los códigos
_n1
_931109
910 _aValidado. Control de calidad. MMOLINA
942 _2ddc
_cLBS1
999 _c13287
_d13287